[Event "63rd ch-RUS HL w"]
[Site "Yekaterinburg RUS"]
[Date "2013.06.29"]
[Round "9.4"]
[White "Kovanova, Baira"]
[Black "Ivakhinova, Inna"]
[Result "1-0"]
[WhiteTitle "WGM"]
[BlackTitle "WGM"]
[WhiteElo "2371"]
[BlackElo "2291"]
[WhiteFideId "4164083"]
[BlackFideId "4185641"]
[EventDate "2013.06.20"]

1. e4 c5 2. Nf3 Nc6 3. d4 cxd4 4. Nxd4 Qb6 5. Nb3 Nf6 6. Bd3 e6 7. O-O Be7 8. c4
d5 9. Nc3 dxe4 10. Nxe4 O-O 11. Be3 Qc7 12. Qe2 e5 13. h3 Nxe4 14. Bxe4 Kh8 15.
f4 f5 16. Bxc6 bxc6 17. fxe5 Qxe5 18. Qf2 Be6 19. Rae1 Bd6 20. Bf4 Qxf4 21. Qxf4
Bxf4 22. Rxf4 g5 23. Rd4 Rfe8 24. Re5 Kg7 25. Rc5 Kf7 26. Rd6 Rad8 27. Rdxc6 Bc8
28. Rc7+ Kf6 29. R5c6+ Ke5 30. Rxa7 g4 31. hxg4 fxg4 32. Kh2 g3+ 33. Kxg3 Rg8+
34. Kh2 Bf5 35. Ra5+ Kf4 36. Rf6 Rg5 37. g3+ Ke4 38. Kg2 h5 39. Kf2 Rdg8 40.
Nd2+ Kd3 41. Rfxf5 Rxf5+ 42. Rxf5 Kxd2 43. c5 1-0

[Event "63rd ch-RUS HL w"]
[Site "Yekaterinburg RUS"]
[Date "2013.06.29"]
[Round "9.5"]
[White "Charochkina, Daria"]
[Black "Bivol, Alina"]
[Result "1-0"]
[WhiteTitle "WGM"]
[BlackTitle "WIM"]
[WhiteElo "2326"]
[BlackElo "2207"]
[WhiteFideId "4180917"]
[BlackFideId "4100123"]
[EventDate "2013.06.20"]

1. Nf3 d5 2. c4 c6 3. e3 e6 4. Nc3 Bd6 5. Qc2 f5 6. d3 Nf6 7. e4 Nbd7 8. Bg5 O-O
9. Be2 Qc7 10. Nd4 Nc5 11. cxd5 Be5 12. Nb3 Nxb3 13. Qxb3 fxe4 14. dxe6 Qe7 15.
dxe4 b5 16. O-O Bxe6 17. Qc2 h6 18. Be3 g5 19. a3 Qc7 20. h3 Rf7 21. Nb1 Rg7 22.
Nd2 Bf4 23. Bd4 Rf8 24. Nf3 g4 25. hxg4 Bxg4 26. Nh4 Rg5 27. Qb3+ Kh7 28. Bd3
Kg7 29. Bc2 c5 30. e5 cxd4 31. exf6+ Rxf6 32. Qd3 Bf5 33. Nxf5+ Rfxf5 34. Qxd4+
Be5 35. Qe4 Bh2+ 36. Kh1 Rh5 37. Qxf5 Rxf5 38. Bxf5 Be5 39. Rfe1 Kf6 40. Rac1
Qb6 41. Be4 Qd4 42. Rc6+ Kf7 43. Rc2 h5 44. g3 h4 45. Kg2 Qd6 46. gxh4 Qf6 47.
Bd5+ Kg7 48. Re4 Bf4 49. Rc5 Qxh4 50. Kf3 1-0

[Event "63rd ch-RUS HL w"]
[Site "Yekaterinburg RUS"]
[Date "2013.06.29"]
[Round "9.6"]
[White "Romanko, Marina"]
[Black "Balaian, Alina"]
[Result "1-0"]
[WhiteTitle "IM"]
[BlackTitle "WIM"]
[WhiteElo "2368"]
[BlackElo "2237"]
[WhiteFideId "4149351"]
[BlackFideId "24115347"]
[EventDate "2013.06.20"]

1. d4 Nf6 2. c4 g6 3. Nc3 Bg7 4. e4 d6 5. f3 O-O 6. Nge2 Nc6 7. Be3 a6 8. Qd2
Rb8 9. Rc1 Bd7 10. Nd1 b5 11. c5 e6 12. g3 Ne8 13. Bg2 dxc5 14. Rxc5 Nd6 15. b3
e5 16. dxe5 Nxe5 17. Nf2 b4 18. O-O Bb5 19. Rd1 Nd7 20. Rc2 Bxe2 21. Qxe2 Nb5
22. Rcd2 Nc3 23. Qf1 Nxd1 24. Qxd1 Qf6 25. Rxd7 Rfd8 26. Ng4 Qa1 27. Nh6+ Bxh6
28. Rxd8+ Rxd8 29. Qxa1 Bxe3+ 30. Kf1 c5 31. Ke2 Bd4 32. Qc1 Bc3 33. f4 f6 34.
e5 f5 35. Qe3 Bd4 36. Qd3 Kg7 37. Qxa6 1-0

[Event "63rd ch-RUS HL w"]
[Site "Yekaterinburg RUS"]
[Date "2013.06.29"]
[Round "9.7"]
[White "Tarasova, Viktoriya"]
[Black "Ubiennykh, Ekaterina"]
[Result "1/2-1/2"]
[WhiteTitle "WIM"]
[BlackTitle "WIM"]
[WhiteElo "2292"]
[BlackElo "2344"]
[WhiteFideId "4175840"]
[BlackFideId "4137582"]
[EventDate "2013.06.20"]

1. d4 d6 2. c4 Nf6 3. Nc3 g6 4. e4 Bg7 5. Nf3 O-O 6. Be2 e5 7. O-O Nc6 8. d5 Ne7
9. b4 a5 10. Ba3 Nh5 11. Re1 f5 12. bxa5 Rxa5 13. Bb4 Ra8 14. a4 Nf4 15. Nd2 c5
16. dxc6 Nxc6 17. Ba3 Qg5 18. Bf3 Nd4 19. Bxd6 Rd8 20. c5 b6 21. h4 Nh3+ 22. Kh2
Qxh4 23. gxh3 bxc5 24. Bxc5 fxe4 25. Bg2 Nf3+ 26. Bxf3 Qxh3+ 27. Kg1 exf3 28.
Qxf3 Qxf3 29. Nxf3 e4 30. Nxe4 Bxa1 31. Rxa1 Bb7 32. Nfd2 Rd3 33. Bb6 Bc6 34. a5
Rf8 35. Rc1 Ba8 36. Rc7 Rf7 37. Rc8+ Rf8 38. Rc7 Rf7 39. Rc2 Kg7 40. Be3 Ra3 41.
Bb6 Ra4 42. f3 h6 43. Kg2 g5 44. Kg3 Ra3 45. Kh2 Kg6 46. Rb2 Bd5 47. Bd8 Rb7 48.
Rc2 Ra2 49. Rxa2 Bxa2 50. Bb6 Bd5 51. Nc3 Bc6 52. Nc4 Re7 53. Bd4 Bb7 54. Kg3 h5
55. Nd6 Bc6 56. Nce4 h4+ 57. Kh3 Rd7 58. Be3 Bxe4 59. Nxe4 Rd3 60. Bxg5 Rxf3+ 1/2-1/2

[Event "63rd ch-RUS HL w"]
[Site "Yekaterinburg RUS"]
[Date "2013.06.29"]
[Round "9.8"]
[White "Dordzhieva, Dinara"]
[Black "Nasybullina, Alfia"]
[Result "1-0"]
[WhiteTitle "WC"]
[WhiteElo "2081"]
[BlackElo "2095"]
[WhiteFideId "24157570"]
[BlackFideId "4132416"]
[EventDate "2013.06.20"]

1. d4 Nf6 2. Nf3 e6 3. c4 d5 4. e3 Be7 5. b3 Bb4+ 6. Nbd2 O-O 7. Bd3 c5 8. Bb2
Nc6 9. O-O Re8 10. a3 Bxd2 11. Qxd2 cxd4 12. exd4 Qb6 13. Qc2 Na5 14. Bc3 Bd7
15. c5 Qc7 16. Ne5 Nc6 17. Nxd7 Qxd7 18. Rfe1 Qc7 19. Qd2 Re7 20. Qg5 h6 21. Qg3
Qxg3 22. hxg3 Nd7 23. f4 f6 24. b4 Nd8 25. b5 Kf7 26. a4 f5 27. Bb4 Re8 28. Rec1
Rc8 29. Rc2 Kf6 30. Rac1 Nb8 31. c6 bxc6 32. bxc6 Rxc6 33. Bb5 Rxc2 34. Rxc2
Ndc6 35. Bd6 Rd8 36. Bc7 a6 37. Bxd8+ Nxd8 38. Rc8 axb5 39. axb5 Ke7 40. Rxb8
Kd7 41. b6 Nc6 42. Rg8 g5 43. Kf2 g4 44. Ke3 Na5 45. Kd3 Nb7 46. Kc3 Kc6 47. Re8
Kd7 48. Rh8 Kc6 49. Rxh6 Nd8 50. Rh8 Nb7 51. Kb4 Kxb6 52. Re8 Na5 53. Rxe6+ Nc6+
54. Rxc6+ 1-0

[Event "63rd ch-RUS HL w"]
[Site "Yekaterinburg RUS"]
[Date "2013.06.29"]
[Round "9.9"]
[White "Pustovidko, Anastasia"]
[Black "Saunina, Ludmila"]
[Result "1/2-1/2"]
[BlackTitle "WGM"]
[WhiteElo "1905"]
[BlackElo "2208"]
[WhiteFideId "24102547"]
[BlackFideId "4108698"]
[EventDate "2013.06.20"]

1. d4 Nf6 2. g3 d5 3. Bg2 Bf5 4. Nf3 e6 5. O-O c5 6. e3 Nc6 7. c3 Be7 8. Nh4 Bg4
9. f3 Bh5 10. Bh1 Qb6 11. Ng2 g5 12. Qb3 c4 13. Qxb6 axb6 14. e4 dxe4 15. Bxg5
Bxf3 16. Nh4 Nd5 17. Nxf3 exf3 18. Bxe7 Kxe7 19. Bxf3 b5 20. Nd2 Ne3 21. Rf2
Rhd8 22. Re1 Nc2 23. Rc1 Ne3 24. Re1 Nc2 25. Rc1 Ne3 26. Re1 1/2-1/2

[Event "63rd ch-RUS HL w"]
[Site "Yekaterinburg RUS"]
[Date "2013.06.29"]
[Round "9.10"]
[White "Iljushina, Olga"]
[Black "Monina, Polina"]
[Result "1/2-1/2"]
[WhiteTitle "WGM"]
[WhiteElo "2334"]
[BlackElo "1958"]
[WhiteFideId "4152280"]
[BlackFideId "24127019"]
[EventDate "2013.06.20"]

1. d4 d5 2. c4 c6 3. Nf3 Nf6 4. Nc3 dxc4 5. e3 b5 6. a4 b4 7. Na2 e6 8. Bxc4 Be7
9. O-O Nbd7 10. Bd2 a5 11. Nc1 O-O 12. Qe2 Bb7 13. Rd1 Qb6 14. e4 c5 15. e5 Nd5
16. Nb3 cxd4 17. Nbxd4 Nc5 18. Nb5 Rac8 19. Nfd4 Na6 20. Bd3 Nc5 21. Bc2 Nc7 22.
Qg4 Rfd8 23. Bh6 g6 24. h4 Nd7 25. Qg3 Nxb5 26. axb5 Nf8 27. Be3 Bc5 28. Qf4
Bxd4 29. Rxd4 Rxd4 30. Bxd4 Qxb5 31. Ba4 Qd5 32. f3 Ba6 33. Be3 Qd3 34. Rd1 Qf5
35. Qxf5 exf5 36. Bb6 Ne6 37. Bxa5 Be2 38. Ra1 Rc4 39. Re1 Bd3 40. Re3 Bb1 41.
Re1 Bc2 42. Bd7 Rxh4 43. Bb6 Rc4 44. Ra1 Kg7 45. Ra7 Bb3 46. Be8 Rc1+ 47. Kh2
Nc5 48. Bxc5 Rxc5 49. Bxf7 Bxf7 50. e6 Kf6 51. exf7 Rc8 52. Rb7 Rf8 53. Rxb4
Rxf7 54. f4 Ke6 55. Rd4 Rb7 56. Rd2 Rb3 57. Kg1 h6 58. Kf2 g5 59. Re2+ Kf6 60.
g3 gxf4 61. gxf4 h5 62. Ke1 h4 63. Rh2 h3 64. Kd1 Kg6 65. Kc2 Rg3 66. Rh1 Kh5
67. b4 Kh4 68. b5 Rg2+ 69. Kc3 h2 70. b6 Kh3 71. b7 Rg8 72. Rb1 Kg2 73. Kd4 h1=Q
74. Rxh1 Kxh1 75. Ke5 Rb8 76. Kxf5 1/2-1/2

[Event "63rd ch-RUS HL w"]
[Site "Yekaterinburg RUS"]
[Date "2013.06.29"]
[Round "9.11"]
[White "Korchagina, Viktoria"]
[Black "Rodionova, Daria"]
[Result "0-1"]
[WhiteTitle "WFM"]
[BlackTitle "WFM"]
[WhiteElo "2068"]
[BlackElo "2109"]
[WhiteFideId "4197224"]
[BlackFideId "24136638"]
[EventDate "2013.06.20"]

1. e4 c5 2. Nf3 Nc6 3. d4 cxd4 4. Nxd4 g6 5. c4 Nf6 6. Nc3 Nxd4 7. Qxd4 d6 8.
Be2 Bg7 9. Be3 O-O 10. Qd2 a5 11. O-O a4 12. Bd4 Qa5 13. Qe3 Be6 14. Bb6 Qb4 15.
Rab1 Nd7 16. Bd4 Bxd4 17. Qxd4 Rfc8 18. Nd5 Bxd5 19. exd5 Ne5 20. Qh4 Qd2 21.
Rfe1 Rc7 22. Bf1 Kg7 23. Re2 Qd3 24. Ree1 Qf5 25. Qd4 Qf6 26. Qe4 Rac8 27. b3
axb3 28. axb3 Ra8 29. Qe2 Rc5 30. Rbc1 Rca5 31. c5 Ra2 32. Rc2 Rxc2 33. Qxc2 Rc8
34. b4 dxc5 35. bxc5 Nd7 36. c6 bxc6 37. Bb5 Nb8 38. Qc5 Qd6 39. Rc1 Qxc5 40.
Rxc5 Nd7 41. Rc1 Rb8 42. Bxc6 Ne5 43. h3 Rb2 44. Rc3 Rb4 45. Kf1 h6 46. Ke2 g5
47. Ke3 Kf6 48. Ke2 Ng6 49. Kf3 Nf4 50. Re3 Rd4 51. Ra3 h5 52. Ra6 Ke5 53. Ra3
f5 54. g4 fxg4+ 55. hxg4 h4 56. Re3+ Kd6 57. Ra3 Rd1 58. Rb3 Rh1 59. Ra3 Rh3+ 0-1

[Event "63rd ch-RUS HL w"]
[Site "Yekaterinburg RUS"]
[Date "2013.06.29"]
[Round "9.12"]
[White "Sukhareva, Evgeniya"]
[Black "Sazonova, Anastasia"]
[Result "1/2-1/2"]
[BlackTitle "WFM"]
[WhiteElo "2248"]
[BlackElo "2108"]
[WhiteFideId "4167155"]
[BlackFideId "24131008"]
[EventDate "2013.06.20"]

1. d4 Nf6 2. c4 g6 3. Nf3 Bg7 4. g3 O-O 5. Bg2 d6 6. O-O Nc6 7. Nc3 Bf5 8. b3 e5
9. Bb2 Nxd4 10. Nxd4 exd4 11. Qxd4 Ne4 12. Qe3 Nxc3 13. Bxc3 Re8 14. Qd2 Bxc3
15. Qxc3 Rxe2 16. Bxb7 Rb8 17. Bf3 Re5 18. Rfe1 Qe7 19. Rxe5 Qxe5 20. Qxe5 dxe5
21. Rd1 Be6 22. Kf1 Kf8 23. Ke2 Ke7 24. h4 h5 25. Ke3 Rb6 26. Rd2 a5 27. Bd5 Bf5
28. Be4 Be6 29. Rd3 Rb4 30. Bc6 Rb6 31. Bf3 Rb4 32. Bc6 Rb6 33. Bf3 Rb4 34. Bc6 1/2-1/2

[Event "63rd ch-RUS HL w"]
[Site "Yekaterinburg RUS"]
[Date "2013.06.29"]
[Round "9.13"]
[White "Zasypkina, Evgenia"]
[Black "Adamova, Tuyara"]
[Result "0-1"]
[WhiteElo "1994"]
[BlackElo "1927"]
[WhiteFideId "24102784"]
[BlackFideId "24142050"]
[EventDate "2013.06.20"]

1. e4 c5 2. c3 Nf6 3. e5 Nd5 4. d4 cxd4 5. Nf3 Nc6 6. Bc4 e6 7. cxd4 d6 8. O-O
Be7 9. Qe2 O-O 10. Rd1 Nb6 11. Bb3 dxe5 12. dxe5 Qc7 13. Nc3 a6 14. Bf4 Nd7 15.
Rac1 Nc5 16. Bc2 Bd7 17. Ne4 Nxe4 18. Qxe4 g6 19. Bb1 Rfd8 20. Qe3 Qa5 21. Bg5
Bxg5 22. Qxg5 Qb4 23. b3 Qe7 24. Qe3 Nb4 25. Ng5 Nd5 26. Qg3 Kg7 27. Ne4 Bc6 28.
Rd4 Nf4 29. Qxf4 Rxd4 30. Qe3 Rad8 31. Nc3 Qh4 32. f3 Rd2 33. Re1 Bxf3 0-1

[Event "63rd ch-RUS HL w"]
[Site "Yekaterinburg RUS"]
[Date "2013.06.29"]
[Round "9.14"]
[White "Egorova, Ayyyna"]
[Black "Poliushkina, Darjia"]
[Result "1/2-1/2"]
[WhiteTitle "WC"]
[WhiteElo "1991"]
[BlackElo "1940"]
[WhiteFideId "24136611"]
[BlackFideId "24186660"]
[EventDate "2013.06.20"]

1. e4 e6 2. d4 d5 3. Nc3 Nf6 4. Bg5 Bb4 5. e5 h6 6. exf6 hxg5 7. fxg7 Rg8 8. h4
gxh4 9. Qg4 Qf6 10. Rxh4 Qxg7 11. Qxg7 Rxg7 12. Rh8+ Bf8 13. Kd2 Bd7 14. Re1 Bc6
15. b4 a6 16. a4 b6 17. g3 Nd7 18. Bxa6 Rxa6 19. b5 Ra5 20. bxc6 Nb8 21. Nb5
Nxc6 22. Nf3 Rxa4 23. Nxc7+ Kd7 24. Nxd5 Bb4+ 25. Nxb4 Rxb4 26. Ra1 Kd6 27. Kd3
Rg4 28. c3 Rb2 29. Nd2 Ke7 30. Raa8 Rg6 31. Rae8+ Kd7 32. Ref8 Ke7 33. Ra8 Rb5
34. c4 Rf5 35. Ne4 Rf3+ 36. Kd2 Rg4 37. Rh4 Rxh4 38. gxh4 f5 39. d5 exd5 40.
cxd5 fxe4 41. dxc6 Rxf2+ 42. Ke3 Rc2 1/2-1/2